APEC Schools

Through the zombie glass / (Record no. 8654)

000 -LEADER
fixed length control field nam a22 7a 4500
005 - DATE AND TIME OF LATEST TRANSACTION
control field 20200123031258.0
008 - FIXED-LENGTH DATA ELEMENTS--GENERAL INFORMATION
fixed length control field 200123b xxu||||| |||| 00| 0 eng d
020 ## - IDENTIFIER FOR THE MANIFESTATION
Identifier for the Manifestation 9780373211296
Binding paperback
040 ## - CATALOGING SOURCE
Language of Cataloging eng
Transcribing Agency APEC Schools Library
Description Conventions rda
082 ## - DEWEY DECIMAL CLASSIFICATION NUMBER
Classification number Fic
Author's Number Sh559t 2013
100 ## - CREATOR
Preferred Name of the Person Showalter, Gena
245 ## - TITLE AND STATEMENT OF RESPONSIBILITY
Preferred Title Proper Through the zombie glass /
Statement of Responsibility/Parallel Statement of Responsibility Gena Showalter
264 ## - PUBLICATION STATEMENT
Place of publication, distribution, etc Ontario, Canada :
Publisher's Name/Parallel Publisher's Name Harlequin Teen,
Copyright ©2013.
300 ## - PHYSICAL DESCRIPTION
Extent 474 pages ;
336 ## - RDA CONTENT
Source rdacontent
Content Type text
337 ## - RDA MEDIA
Source rdamedia
Media Type unmediated
338 ## - RDA CARRIER
Source rdacarrier
Carrier Type volume
942 ## - ADDED ENTRY ELEMENTS (KOHA)
Source of Classification
Koha Item Type Fiction
Holdings
Library Site Location Shelving Location Source of Acquisition Full Classification Number Accession Number Koha Item Type
APEC New Manila Library APEC New Manila Library Fiction Donation Fic Sh559t 2013 C03-0000022D Fiction

Powered by Koha